00756 a2200193 450000500170000000800410001702000150005804000510007304100080012424501110013226000700024330000230031349000270033650400530036365000480041665000490046470000250051370000240053820140903175024.0140207s1986 xxu||||fr|||| 001 0 eng d a0847672573 aCO-BoUCMbspacJose A. GerenadDiana Londoño aeng00aNuclear weapons and the future of humanitybthe fundamental questionsceditado por Avner cohen, Steven Lee bRowman & LittlefieldaTotowa (Nueva Jersey, Estados Unidos)c1986 axii, 496 páginas aPhilosophy and society aIncluye referencias bibliográficas e índices 7aGuerra nuclearxAspectos morales y éticos 7aArmas nuclearesxAspectos morales y éticos1 aCohen, Avnereeditor1 aLee, Steveneeditor